Guest the Manchester United players - Statistics

General Stats
  • This quiz has been taken 13 times
  • The average score is 14 of 20
Answer Stats
First Club Last club Nation Role Answer % Correct
Sporting CP Al Nassr Portugal FW Cristiano Ronaldo
100%
Red Bull Salzburg Manchester United Slovenia FW Benjamin Šeško
92%
São Paulo Manchester United Brazil MF Casemiro
92%
Manchester United Barcelona England FW Marcus Rashford
92%
Manchester United Napoli Scotland MF Scott McTominay
92%
Manchester United Paris Saint-Germain England MF David Beckham
77%
CSKA Sofia Kerala Blasters Bulgaria FW Dimitar Berbatov
77%
Ajax VV Noordwijk Netherlands GK Edwin van der Sar
77%
Feyenoord Feyenoord Netherlands FW Robin van Persie
77%
Cobreloa Sevilla Chile FW Alexis Sánchez
69%
Manchester United Crystal Palace England GK Dean Henderson
69%
Cobh Ramblers Celtic Ireland MF Roy Keane
69%
Ankaragücü Manchester United Turkey GK Altay Bayındır
62%
Lyon Monterrey France FW Anthony Martial
62%
Boca Juniors Boca Juniors Argentina FW Carlos Tevez
62%
Jong Ajax Manchester United Netherlands DF Matthijs de Ligt
62%
West Ham United Queens Park Rangers England DF Rio Ferdinand
62%
Troyes II Manchester United Cameroon FW Bryan Mbeumo
54%
Jong Ajax Girona Netherlands MF Donny van de Beek
38%
Sion Manchester United Brazil FW Matheus Cunha
31%
No matching quizzes found
Score Distribution
Percent of People with Each Score
Percentile by Number Answered
Your Score History
You have not taken this quiz